Lotte, the power of love : (Record no. 129147)

MARC details
000 -LEADER
fixed length control field 00782nam a22002297a 4500
005 - DATE AND TIME OF LATEST TRANSACTION
control field 20170124110052.0
010 ## - LIBRARY OF CONGRESS CONTROL NUMBER
LC control number A-459690
020 ## - INTERNATIONAL STANDARD BOOK NUMBER
Terms of availability 00.00
International Standard Book Number 8170186591
035 ## - SYSTEM CONTROL NUMBER
System control number A-459690
037 ## - SOURCE OF ACQUISITION
Source of stock number/acquisition Cen Lib/Ret
040 ## - CATALOGING SOURCE
Original cataloging agency DPL
Language of cataloging EN
082 ## - DEWEY DECIMAL CLASSIFICATION NUMBER
Classification number 881
Item number CHA
100 ## - MAIN ENTRY--PERSONAL NAME
Personal name Chattopadhyaya, Harindranath
9 (RLIN) 25556
245 ## - TITLE STATEMENT
Title Lotte, the power of love :
Statement of responsibility, etc by Harindranath Chattopadhyaya
Remainder of title the life story of Lotte Nivelli /
260 ## - PUBLICATION, DISTRIBUTION, ETC. (IMPRINT)
Place of publication, distribution, etc Delhi
Name of publisher, distributor, etc B. R. Publishing Corporation
Date of publication, distribution, etc 1991
270 ## - ADDRESS
Address 29/9, Nangia Park, Shakti Nagar
City Delhi
Postal code 110007
300 ## - PHYSICAL DESCRIPTION
Extent 211p. :
Dimensions 21cm(Hb)
Other physical details ill.
490 ## - SERIES STATEMENT
Series statement New world literature series
Volume number/sequential designation 37
650 ## - SUBJECT ADDED ENTRY--TOPICAL TERM
Topical term or geographic name as entry element Neville, Lotte, -- 1906- -- Poetry
9 (RLIN) 25557
650 ## - SUBJECT ADDED ENTRY--TOPICAL TERM
Topical term or geographic name as entry element Nivelli, Lotte, -- 1906-
9 (RLIN) 25558
942 ## - ADDED ENTRY ELEMENTS (KOHA)
Source of classification or shelving scheme Dewey Decimal Classification
Koha item type English Books
Classification part 881
Call number suffix CHA
Holdings
Withdrawn status Lost status Damaged status Not for loan Home library Current library Date acquired Source of acquisition Cost, normal purchase price Total Checkouts Full call number Barcode Date last seen Copy number Cost, replacement price Price effective from Koha item type Public note
Written off       Central Library Central Library 04/07/2015 Cen Lib/Ret 0.00   881 CHA A-459690 04/07/2015 1 0.00 04/07/2015 English Books Written off on approval by DLB (By Circulation); dtd 15-06-2023

© Delhi Public Library
Hit Counter
free hit counter